000 01111nam a2200229Ia 4500
001 L248-15215
003 IT-CnALBA
008 170116s9999||||xx |||||||||||||| ||und||
040 _aIT-CnALBA
_cIT-CnALBA
041 _aITALIANO
100 _aDE SEGUR GASTONE, CONTE, MONS.
245 0 _aLA CONFESSIONE. CON APPENDICE PRATICA.
250 _a1a ed.
260 _a TO BO CT PA
_bSOCIETÀ ED. INTER.
_c1923 [1° Ed.:1923]
300 _a99 p. (prefazione: 3)
500 _aTRADUZIONE DAL FRANCESE DI D. MASSIMO ALBERA. CONFESSIONE. NECESSITÀ. INVENZIONE DEI PRETI? PROTESTANTI. CORAGGIO. SEGRETO SACRAMENTALE. IN MORTE. ESAME DI COSCIENZA. CONTRIZIONE. ASSOLUZIONE. SODDISFAZIONE.
501 _aSocietà San Paolo EM - Piazza San Paolo, 14 - 12051 ALBA (CN) (non commercial uses only) ® Copyright 2017
520 _aTRADUZIONE DAL FRANCESE DI D. MASSIMO ALBERA. CONFESSIONE. NECESSITÀ. INVENZIONE DEI PRETI? PROTESTANTI. CORAGGIO. SEGRETO SACRAMENTALE. IN MORTE. ESAME DI COSCIENZA. CONTRIZIONE. ASSOLUZIONE. SODDISFAZIONE.
650 _aASCETICA E MISTICA
942 _cBK
957 _71
999 _a19965
_bSI
_g Copie: 1
_c274384
_d274384